[Event "GER-ch U12"]
[Site "Magdeburg"]
[Date "2014.06.11"]
[Round "6"]
[White "Bierfreund, Trine Maja"]
[Black "Kemke, Annabelle"]
[Result "1-0"]
[WhiteElo "1288"]
[BlackElo "855"]
[PlyCount "51"]
[EventDate "2014.06.08"]
[EventType "swiss"]
[EventRounds "11"]
[EventCountry "GER"]
[SourceTitle "CBM 160 Extra"]
[Source "ChessBase"]
[SourceDate "2014.07.01"]
[SourceVersion "1"]
[SourceVersionDate "2014.07.01"]
[SourceQuality "1"]

1. e4 e5 2. Nf3 Nc6 3. Bc4 Nf6 4. Ng5 d5 5. exd5 b5 6. Bf1 Qxd5 7. Nc3 Qd6 8. Bxb5 Bd7 9. 0-0 Nd4 10. Bxd7+ Qxd7 11. d3 Bd6 12. Be3 0-0-0 13. Nce4 h6 14. Nxd6+ cxd6 15. Ne4 Qc6 16. Bxd4 exd4 17. Nxf6 gxf6 18. Qg4+ Kc7 19. Qxd4 Qb7 20. Qxf6 Kb8 21. Rfe1 Ka8 22. Re7 Qd5 23. Rxf7 Rhg8 24. g3 h5 25. Qe7 Qc5 26. Qb7# 1-0

[Event "GER-ch U12"]
[Site "Magdeburg"]
[Date "2014.06.10"]
[Round "5"]
[White "Kemke, Annabelle"]
[Black "Fricke, Edna Marlene"]
[Result "1-0"]
[WhiteElo "855"]
[BlackElo "1081"]
[PlyCount "95"]
[EventDate "2014.06.08"]
[EventType "swiss"]
[EventRounds "11"]
[EventCountry "GER"]
[SourceTitle "CBM 160 Extra"]
[Source "ChessBase"]
[SourceDate "2014.07.01"]
[SourceVersion "1"]
[SourceVersionDate "2014.07.01"]
[SourceQuality "1"]

1. e4 c5 2. Nf3 Nc6 3. d4 cxd4 4. Nxd4 g6 5. Be2 Bg7 6. Be3 Nf6 7. Nc3 0-0 8. 0-0 d6 9. h3 Bd7 10. Qd2 Rc8 11. Rad1 Re8 12. Rfe1 a6 13. a4 Qa5 14. b3 Qc7 15. Rb1 e6 16. b4 d5 17. Bf3 dxe4 18. Nxe4 Nxe4 19. Bxe4 e5 20. Nf3 Rcd8 21. Qe2 a5 22. bxa5 Nxa5 23. Bb6 Qc3 24. Bxd8 Rxd8 25. Rbd1 Qc7 26. c3 Rc8 27. Rd3 Bxa4 28. Qb2 b5 29. Rde3 Nc4 30. Qc1 Nxe3 31. Qxe3 Qxc3 32. Qg5 b4 33. Kh2 Rb8 34. Qe3 Qxe3 35. fxe3 b3 36. h4 f5 37. Bd5+ Kf8 38. Nd2 b2 39. e4 Bc2 40. Ba2 fxe4 41. Nb1 Bh6 42. Rf1+ Ke7 43. Rf2 e3 44. Rxc2 g5 45. h5 Rb6 46. g4 Bg7 47. Rc7+ Kf6 48. Rf7# 1-0

[Event "GER-ch U12"]
[Site "Magdeburg"]
[Date "2014.06.09"]
[Round "4"]
[White "Kemke, Annabelle"]
[Black "Leib, Amina"]
[Result "0-1"]
[WhiteElo "855"]
[BlackElo "1076"]
[PlyCount "56"]
[EventDate "2014.06.08"]
[EventType "swiss"]
[EventRounds "11"]
[EventCountry "GER"]
[SourceTitle "CBM 160 Extra"]
[Source "ChessBase"]
[SourceDate "2014.07.01"]
[SourceVersion "1"]
[SourceVersionDate "2014.07.01"]
[SourceQuality "1"]

1. e4 e5 2. Nf3 Nc6 3. Bc4 Nf6 4. d4 exd4 5. 0-0 Bc5 6. e5 Ng4 7. Bxf7+ Kxf7 8. Ng5+ Kg8 9. Qxg4 Nxe5 10. Qg3 d6 11. f4 Nc4 12. Qh4 d3+ 13. Qf2 Bxf2+ 14. Rxf2 dxc2 15. Rxc2 b5 16. b3 Nb6 17. Bb2 Qe7 18. Nc3 Qe3+ 19. Kh1 Bb7 20. Rf1 Re8 21. Re2 Qxe2 22. Nxe2 Rxe2 23. Nf3 Bxf3 24. gxf3 Rxb2 25. f5 Kf7 26. f4 Re8 27. h4 Ree2 28. Rg1 Rh2# 0-1

[Event "GER-ch U12"]
[Site "Magdeburg"]
[Date "2014.06.09"]
[Round "3"]
[White "Kurzweil, Naemi"]
[Black "Kemke, Annabelle"]
[Result "1-0"]
[WhiteElo "1231"]
[BlackElo "855"]
[PlyCount "71"]
[EventDate "2014.06.08"]
[EventType "swiss"]
[EventRounds "11"]
[EventCountry "GER"]
[SourceTitle "CBM 160 Extra"]
[Source "ChessBase"]
[SourceDate "2014.07.01"]
[SourceVersion "1"]
[SourceVersionDate "2014.07.01"]
[SourceQuality "1"]

1. e4 e5 2. Nf3 Nc6 3. Bc4 Nf6 4. Nc3 Bc5 5. d3 d6 6. Bg5 h6 7. Bh4 g5 8. Bg3 h5 9. h3 h4 10. Bh2 g4 11. hxg4 Nxg4 12. Rf1 Nd4 13. Bg1 Nxf3+ 14. Qxf3 Qe7 15. 0-0-0 Nh6 16. Qe2 Bg4 17. f3 Bd7 18. Nd5 Qd8 19. d4 Bb6 20. f4 f6 21. fxe5 Bg4 22. Nxf6+ Ke7 23. Nxg4 dxe5 24. Nxe5 Qc8 25. Ng6+ Kd7 26. Nxh8 Qxh8 27. Qh5 Rg8 28. Qd5+ Kc8 29. Qe6+ Kb8 30. Rf3 a6 31. Rdf1 Ba5 32. Qe7 Ka7 33. d5+ b6 34. Rf8 Kb7 35. Qe8 Bb4 36. Qb8# 1-0

[Event "GER-ch U12"]
[Site "Magdeburg"]
[Date "2014.06.08"]
[Round "2"]
[White "Kemke, Annabelle"]
[Black "Schaefer, Nicolas"]
[Result "0-1"]
[WhiteElo "855"]
[BlackElo "1337"]
[PlyCount "68"]
[EventDate "2014.06.08"]
[EventType "swiss"]
[EventRounds "11"]
[EventCountry "GER"]
[SourceTitle "CBM 160 Extra"]
[Source "ChessBase"]
[SourceDate "2014.07.01"]
[SourceVersion "1"]
[SourceVersionDate "2014.07.01"]
[SourceQuality "1"]

1. e4 c5 2. Nf3 Nc6 3. d4 cxd4 4. Nxd4 Nf6 5. Nc3 d6 6. Be2 g6 7. 0-0 Bg7 8. Be3 0-0 9. Qd2 Bg4 10. f3 Bd7 11. Rad1 a6 12. Bc4 Rc8 13. Nd5 Nxd4 14. Qxd4 Nxd5 15. Qxd5 Be6 16. Qd2 Bxc4 17. Rfe1 Bxa2 18. Ra1 Bxb2 19. Rxa2 Bc3 20. Qc1 Bxe1 21. Qxe1 d5 22. Qa1 f6 23. Qb2 dxe4 24. Ra1 exf3 25. Qb3+ Kg7 26. gxf3 b5 27. Rc1 Qc7 28. Qb4 Qe5 29. Bf4 Qc5+ 30. Kg2 Qxb4 31. c3 Qxf4 32. Ra1 Rxc3 33. Rxa6 Qxf3+ 34. Kg1 Rc1# 0-1

[Event "GER-chT U10"]
[Site "Magdeburg"]
[Date "2013.12.28"]
[Round "3.4"]
[White "Kemke, Annabelle"]
[Black "Del Rio, Miguel"]
[Result "1-0"]
[WhiteElo "817"]
[BlackElo "885"]
[PlyCount "47"]
[EventDate "2013.12.27"]
[EventType "team-swiss"]
[EventRounds "5"]
[EventCountry "GER"]
[SourceTitle "EXT 2015"]
[Source "ChessBase"]
[SourceDate "2014.11.20"]
[SourceVersion "1"]
[SourceVersionDate "2014.11.20"]
[SourceQuality "1"]
[WhiteTeam "Berlin Schachpinguine II"]
[BlackTeam "Kassel"]
[WhiteTeamCountry "GER"]
[BlackTeamCountry "GER"]

1. e4 e5 2. Nf3 Nc6 3. Bc4 h6 4. 0-0 Nf6 5. Nc3 Bb4 6. a3 Ba5 7. b4 Bb6 8. b5 Nd4 9. Nxe5 d6 10. Nxf7 Ke7 11. Nxd8 Kxd8 12. d3 Ba5 13. Nd5 Nxd5 14. Bxd5 Nxb5 15. Bf4 Bc3 16. Rb1 c6 17. Bc4 Nxa3 18. Rb3 Nb5 19. Bxb5 cxb5 20. Rxc3 Ke8 21. Bxd6 Kf7 22. Rc7+ Kg6 23. Be5 Rf8 24. Rxg7# 1-0

[Event "North Germany-chT U14 Girls"]
[Site "Guestrow"]
[Date "2013.09.14"]
[Round "3.4"]
[White "Noeske, Henriette"]
[Black "Kemke, Annabelle"]
[Result "1-0"]
[WhiteElo "800"]
[BlackElo "815"]
[PlyCount "61"]
[EventDate "2013.09.13"]
[EventType "team-swiss"]
[EventRounds "5"]
[EventCountry "GER"]
[SourceTitle "EXT 2017"]
[Source "ChessBase"]
[SourceDate "2016.10.25"]
[SourceVersion "1"]
[SourceVersionDate "2016.10.25"]
[SourceQuality "1"]
[WhiteTeam "Hamburg Schachelschweine"]
[BlackTeam "Berlin Schachpinguine"]
[WhiteTeamCountry "GER"]
[BlackTeamCountry "GER"]

1. e4 e5 2. Nf3 Nc6 3. Bc4 Nf6 4. Nc3 Bc5 5. d3 d6 6. h3 Bd7 7. 0-0 Nd4 8. Bg5 Nxf3+ 9. Qxf3 h6 10. Bxf6 gxf6 11. Qh5 Rf8 12. Qxh6 Rg8 13. Nd5 Be6 14. Nxf6+ Ke7 15. Nd5+ Bxd5 16. Bxd5 Kd7 17. Bxf7 Rf8 18. Qe6+ Kc6 19. Qd5+ Kd7 20. Be6+ Ke8 21. Qxb7 Rb8 22. Qc6+ Ke7 23. Bg4 Rf4 24. Bh5 Qf8 25. Qxc7+ Ke6 26. Qh7 Rxf2 27. Rxf2 Qxf2+ 28. Kh1 Qf6 29. Be2 Qg5 30. Rf1 Rg8 31. Qf7# 1-0

[Event "North Germany-chT U14 Girls"]
[Site "Guestrow"]
[Date "2013.09.13"]
[Round "2.4"]
[White "Kemke, Annabelle"]
[Black "Schutrak, Svenja"]
[Result "0-1"]
[WhiteElo "815"]
[BlackElo "770"]
[PlyCount "80"]
[EventDate "2013.09.13"]
[EventType "team-swiss"]
[EventRounds "5"]
[EventCountry "GER"]
[SourceTitle "EXT 2017"]
[Source "ChessBase"]
[SourceDate "2016.10.25"]
[SourceVersion "1"]
[SourceVersionDate "2016.10.25"]
[SourceQuality "1"]
[WhiteTeam "Berlin Schachpinguine"]
[BlackTeam "Gadebusch"]
[WhiteTeamCountry "GER"]
[BlackTeamCountry "GER"]

1. e4 e5 2. Nf3 Nc6 3. Bc4 Bc5 4. 0-0 Nf6 5. d4 exd4 6. e5 Ne4 7. Re1 f5 8. Nbd2 d6 9. Bd5 dxe5 10. Bxe4 fxe4 11. Nxe4 Bb4 12. c3 Be7 13. Neg5 0-0 14. Qb3+ Be6 15. Qxe6+ Kh8 16. Qh3 h6 17. Ne6 Qc8 18. Bg5 Kg8 19. Bxe7 Nxe7 20. Qg4 Rf7 21. Nxe5 g6 22. Re4 Rf5 23. cxd4 Qxe6 24. Qh3 Kh7 25. g4 Rg5 26. Rf4 h5 27. Rf7+ Kg8 28. Qh4 Rf8 29. Rf3 Rxg4+ 30. Rg3 Rxh4 31. Rc3 Rxd4 32. Nd3 Nd5 33. Rb3 Nb6 34. Nc5 Qg4+ 35. Rg3 Qf4 36. Rxg6+ Kf7 37. Rg3 h4 38. Rh3 Rg8+ 39. Kf1 Rd2 40. Re1 Qxf2# 0-1